| 000 | 00605nam a2200193Ia 4500 | ||
|---|---|---|---|
| 003 | OSt | ||
| 005 | 20220818134232.0 | ||
| 008 | 220818b |||||||| |||| 00| 0 eng d | ||
| 040 | _cIFM Library | ||
| 082 | _a332.041091724 | ||
| 100 |
_aFischer, Klaus P. ( ed.) _92436 |
||
| 245 | _aBusiness Finance in Less Developed Capital Markets | ||
| 260 |
_aWestport: _bGreen Press _c19920313279721 |
||
| 300 | _axii, 391p. :ill. ; 24cm | ||
| 500 | _aIncludes Index | ||
| 650 |
_aBusiness financeCapital markets - Developing countries _92437 |
||
| 700 |
_aPapaioannou, George J. ( ed.) _92438 |
||
| 942 |
_cBK _2ddc _n0 |
||
| 999 |
_c1484 _d1484 |
||